| 000 | 00888nam0a22002531 4500 | ||
|---|---|---|---|
| 001 | rc\733994 | ||
| 005 | 20250622112820.0 | ||
| 035 | _a(NLR Aleph) 006264263 | ||
| 090 |
_a6881466 _c6881466 |
||
| 100 | _a20040301d1985 |||y0rusy50 ca | ||
| 101 | 0 | _arus | |
| 102 | _aRU | ||
| 105 | _aa ||||||||| | ||
| 200 | 1 |
_aДревняя культура ительменов Восточной Камчатки _fОтв. ред. Н.Н. Диков |
|
| 210 |
_aМ. _cНаука _d1985 |
||
| 215 |
_a216 с. _cил. _d21 |
||
| 300 | _aВ надзаг.: АН СССР, Дальневост. науч. центр, Сев.-Вост. комплекс. НИИ | ||
| 320 | _aБиблиогр.: с. 210-215 | ||
| 700 | 1 |
_aПономаренко _bА.К. _gАлексей Кириллович |
|
| 801 | 0 |
_aRU _bNLR _gpsbo |
|
| 801 | 1 |
_aRU _bELAR _2rusmarc |
|
| 852 |
_aNLR _j85-5/5019 |
||
| 942 | _cBOOK | ||
| 980 | _aNB | ||